<?xml version="1.0" encoding="UTF-8"?>
<record
    xmlns:xsi="http://www.w3.org/2001/XMLSchema-instance"
    xsi:schemaLocation="http://www.loc.gov/MARC21/slim http://www.loc.gov/standards/marcxml/schema/MARC21slim.xsd"
    xmlns="http://www.loc.gov/MARC21/slim">

  <leader>02228nam a22002417a 4500</leader>
  <controlfield tag="005">20211218115010.0</controlfield>
  <controlfield tag="008">211218b           ||||| |||| 00| 0 eng d</controlfield>
  <datafield tag="020" ind1=" " ind2=" ">
    <subfield code="a">8185304351</subfield>
  </datafield>
  <datafield tag="040" ind1=" " ind2=" ">
    <subfield code="c">AL</subfield>
  </datafield>
  <datafield tag="041" ind1=" " ind2=" ">
    <subfield code="a">eng</subfield>
  </datafield>
  <datafield tag="082" ind1=" " ind2=" ">
    <subfield code="2">23</subfield>
    <subfield code="a">324.254</subfield>
    <subfield code="b">SHOO</subfield>
  </datafield>
  <datafield tag="100" ind1=" " ind2=" ">
    <subfield code="a">Arun Shourie</subfield>
    <subfield code="9">11834</subfield>
  </datafield>
  <datafield tag="245" ind1=" " ind2=" ">
    <subfield code="a">Only Fatherland: Communists, Quit India and the Soviet Union</subfield>
  </datafield>
  <datafield tag="260" ind1=" " ind2=" ">
    <subfield code="a">New Delhi</subfield>
    <subfield code="b">ASA Publications</subfield>
    <subfield code="c">1991</subfield>
  </datafield>
  <datafield tag="300" ind1=" " ind2=" ">
    <subfield code="a">viii,204 p.</subfield>
    <subfield code="b">HB</subfield>
    <subfield code="c">22x15 cm.15</subfield>
  </datafield>
  <datafield tag="365" ind1=" " ind2=" ">
    <subfield code="b">150.00</subfield>
    <subfield code="c">&#x20B9;</subfield>
    <subfield code="d">150.00</subfield>
  </datafield>
  <datafield tag="520" ind1=" " ind2=" ">
    <subfield code="a">Are ideologies a pair of binoculars that enable us to see far? Or are they a pair of blinkers that keep us from seeing even that which is at hand? How is it that communists; equipped as they are with the one great Theory that explains everything; fumble ever so often in seeing the obvious? How did the Theory lead them to declare the Second World War as an 'Imperialist War' one day; and a 'People's War' the next? How did it lead them to undertake to sabotage the Quit India Movement for the British? How did it lead them to trumpet the demand for Pakistan 'better than the Muslim League'? To declare in 1947 that India had not really become independent? To insist that Pandit Nehru was just "a running dog of imperialism"? To launch an insurrection in 1949 on the premise that India was ripe for an armed revolution? To fumble so much in their response to the end of the communist bloc? Arun Shourie; one of the most respected commentators on current affairs in India today; illustrates the malady by reconstructing what the communists did during the Quit India Movement. In the process he uncovers the secret negotiations they conducted and the secret understanding they struck with the British; the reports they submitted to the imperial rulers about the work they were doing to subvert the movement Mahatma Gandhi had launched. He concludes with a review of the reactions of Indian communists to the break-up of the Soviet empire; showing how their mental make-up and habits have not changed in the six decades since independence.</subfield>
  </datafield>
  <datafield tag="650" ind1=" " ind2=" ">
    <subfield code="a">Political Process</subfield>
    <subfield code="9">11835</subfield>
  </datafield>
  <datafield tag="650" ind1=" " ind2=" ">
    <subfield code="a">Naxalite Movement</subfield>
    <subfield code="9">11836</subfield>
  </datafield>
  <datafield tag="650" ind1=" " ind2=" ">
    <subfield code="a">Communist Party of India</subfield>
    <subfield code="9">11837</subfield>
  </datafield>
  <datafield tag="700" ind1=" " ind2=" ">
    <subfield code="a">SHOURIE (Arun)</subfield>
    <subfield code="9">11838</subfield>
  </datafield>
  <datafield tag="942" ind1=" " ind2=" ">
    <subfield code="2">ddc</subfield>
    <subfield code="c">GF</subfield>
  </datafield>
  <datafield tag="999" ind1=" " ind2=" ">
    <subfield code="c">220975</subfield>
    <subfield code="d">220975</subfield>
  </datafield>
  <datafield tag="952" ind1=" " ind2=" ">
    <subfield code="0">0</subfield>
    <subfield code="1">0</subfield>
    <subfield code="2">ddc</subfield>
    <subfield code="4">0</subfield>
    <subfield code="7">0</subfield>
    <subfield code="8">PS</subfield>
    <subfield code="a">AL</subfield>
    <subfield code="b">AL</subfield>
    <subfield code="d">2013-03-24</subfield>
    <subfield code="l">0</subfield>
    <subfield code="o">324.254 SHOO</subfield>
    <subfield code="p">GF00732</subfield>
    <subfield code="r">2021-12-18 00:00:00</subfield>
    <subfield code="w">2021-12-18</subfield>
    <subfield code="y">GF</subfield>
  </datafield>
</record>
